| 000 | 00331 a2200121 4500 | ||
|---|---|---|---|
| 999 |
_c321493 _d321493 |
||
| 001 | 86420 | ||
| 003 | NUST | ||
| 005 | 20180120154937.0 | ||
| 008 | 180120b xxu||||| |||| 00| 0 eng d | ||
| 082 | _a297.122 HAS | ||
| 100 |
_aBadar Hashmi _99290 |
||
| 245 |
_aThe Quran, Treasure of the Faith of Islam Vol: III _cBadar Hashmi _hEnglish |
||
| 260 |
_aUSA _bHalflinger Circle _c2012 |
||
| 300 | _axviv+345p. | ||
| 942 |
_aAHQ _cBK _k297.122 HAS _2ddc |
||